Biobío: Crisol de culturas. Una breve historia general.
সংরক্ষণ করুন:
| প্রধান লেখক: | |
|---|---|
| বিন্যাস: | গ্রন্থ |
| প্রকাশিত: |
Concepción, Chile:
Ediciones del Archivo Histórico de Concepción,
2023.
|
| বিষয়গুলি: | |
| ট্যাগগুলো: |
ট্যাগ যুক্ত করুন
কোনো ট্যাগ নেই, প্রথমজন হিসাবে ট্যাগ করুন!
|
MARC
| LEADER | 00000nam a22000007a 4500 | ||
|---|---|---|---|
| 003 | CL-VaPUC | ||
| 005 | 20231130091741.0 | ||
| 008 | 231113t2023 ||||| |||| 00| 0 eng d | ||
| 999 | |c 442452 |d 442450 | ||
| 020 | |a 978-956-9657-31-3 | ||
| 040 | |c Pontificia Universidad Católica de Valparaíso | ||
| 082 | 0 | 4 | |2 22 |a 983.41 CAR 2023 |
| 100 | 1 | |a Cartes Montory, Armando |e autor |9 885731 | |
| 245 | 1 | 0 | |a Biobío: Crisol de culturas. |b Una breve historia general. |
| 260 | |a Concepción, Chile: |b Ediciones del Archivo Histórico de Concepción, |c 2023. | ||
| 300 | |a 357 páginas. | ||
| 500 | |a c.1 Donación Armando Cartes Montory Memo HIS/030. 2023 | ||
| 583 | |c 20231113 |k Catalogador Asistente | ||
| 650 | 1 | |a Historia del Biobío |9 885994 |z Chile | |
| 650 | 1 | |a Historia de Chile |9 885995 |z Biobío | |
| 650 | 1 | |a Historia de regiones |9 885996 |z Chile | |
| 942 | |2 ddc |c BK | ||
| 952 | |0 0 |1 0 |2 ddc |4 0 |6 983_410000000000000_CAR_2023 |7 0 |8 A |9 592478 |a BIBHIS |b BIBHIS |c GEN |d 2023-11-13 |e Donación |i 5659258 |o 983.41 CAR 2023 |p 5659258 |r 2025-01-20 |t 1 |w 2023-11-13 |y BK |k HIS | ||